004660000a2200193000450000500170000010000180001724500250003526000270006030000130008704000080010036500120010865000220012065000240014265000130016665000160017965000220019565000240021765000310024120120302052232.0 a Chagla, M.C. a Indian Constitution aMumbai:bBombay,c1928 axii,156p aENG bRs.3.00 aPolitical Science aIndian Constitution aGovernor aLegistature aIndian High Court aStatutory Commision aGovernment-Indian Act-1919